<?xml version="1.0" encoding="UTF-8"?>
<record
    xmlns:xsi="http://www.w3.org/2001/XMLSchema-instance"
    xsi:schemaLocation="http://www.loc.gov/MARC21/slim http://www.loc.gov/standards/marcxml/schema/MARC21slim.xsd"
    xmlns="http://www.loc.gov/MARC21/slim">

  <leader>01307    a2200193   4500</leader>
  <controlfield tag="001">54966</controlfield>
  <controlfield tag="005">20260407155825.0</controlfield>
  <controlfield tag="008">260407a1966    arg                 spa d</controlfield>
  <controlfield tag="003">AR-UNSa-BCEJYS</controlfield>
  <datafield tag="040" ind1=" " ind2=" ">
    <subfield code="a">AR-UNSa-BCEJYS</subfield>
    <subfield code="b">spa</subfield>
    <subfield code="c">AR-UNSa-BCEJYS</subfield>
  </datafield>
  <datafield tag="080" ind1=" " ind2=" ">
    <subfield code="a">167</subfield>
    <subfield code="x">Investigaci&#xF3;n cient&#xED;fica
</subfield>
  </datafield>
  <datafield tag="245" ind1="1" ind2="0">
    <subfield code="a">La estructura de la ciencia</subfield>
    <subfield code="p">problemas de la l&#xF3;gica de la investigaci&#xF3;n cient&#xED;fica</subfield>
  </datafield>
  <datafield tag="264" ind1=" " ind2="1">
    <subfield code="a">Buenos Aires :</subfield>
    <subfield code="b">Paid&#xF3;s</subfield>
    <subfield code="c">1966</subfield>
  </datafield>
  <datafield tag="300" ind1=" " ind2=" ">
    <subfield code="a">543 p.</subfield>
    <subfield code="c">23 cm.</subfield>
  </datafield>
  <datafield tag="505" ind1=" " ind2=" ">
    <subfield code="a">1. La ciencia y el sentido com&#xFA;n &#x2013; 2. Modelo de explicaci&#xF3;n cient&#xED;fica &#x2013; 3. El modelo deductivo de explicaci&#xF3;n &#x2013; 4. El car&#xE1;cter l&#xF3;gico de las leyes cient&#xED;ficas &#x2013; 5. Las leyes experimentales y las teor&#xED;as &#x2013; 6. El status cognoscitivo de las teor&#xED;as &#x2013; 7. Las explicaciones mec&#xE1;nicas y la ciencia de la mec&#xE1;nica &#x2013; 8. El espacio y la geometr&#xED;a &#x2013; 9. La geometr&#xED;a y la f&#xED;sica &#x2013; 10. Casualidad e indeterminismo en la teor&#xED;a f&#xED;sica &#x2013; 11. La reducci&#xF3;n de teor&#xED;as &#x2013; 12. Explicaci&#xF3;n mecanicista y biolog&#xED;a organicista &#x2013; 13. Problemas metodol&#xF3;gicos de las ciencias sociales &#x2013; 14. Explicaci&#xF3;n y comprensi&#xF3;n de las ciencias sociales &#x2013; 15. Problemas de la l&#xF3;gica de la investigaci&#xF3;n hist&#xF3;rica. </subfield>
  </datafield>
  <datafield tag="942" ind1=" " ind2=" ">
    <subfield code="c">BK</subfield>
  </datafield>
  <datafield tag="590" ind1=" " ind2=" ">
    <subfield code="a">niveau_biblio:m niveau_hierar:0</subfield>
  </datafield>
  <datafield tag="100" ind1="1" ind2=" ">
    <subfield code="a">Nagel, Ernest</subfield>
  </datafield>
  <datafield tag="999" ind1=" " ind2=" ">
    <subfield code="c">5852</subfield>
    <subfield code="d">5852</subfield>
  </datafield>
  <datafield tag="952" ind1=" " ind2=" ">
    <subfield code="0">0</subfield>
    <subfield code="1">0</subfield>
    <subfield code="4">0</subfield>
    <subfield code="7">0</subfield>
    <subfield code="a">BCEJYS</subfield>
    <subfield code="b">BCEJYS</subfield>
    <subfield code="c">16</subfield>
    <subfield code="d">2026-04-07</subfield>
    <subfield code="l">0</subfield>
    <subfield code="o">167 N147</subfield>
    <subfield code="p">L24540</subfield>
    <subfield code="r">2026-04-07 15:58:25</subfield>
    <subfield code="w">2026-04-07</subfield>
    <subfield code="y">L</subfield>
  </datafield>
  <datafield tag="952" ind1=" " ind2=" ">
    <subfield code="0">0</subfield>
    <subfield code="1">0</subfield>
    <subfield code="4">0</subfield>
    <subfield code="7">0</subfield>
    <subfield code="a">BCEJYS</subfield>
    <subfield code="b">BCEJYS</subfield>
    <subfield code="c">16</subfield>
    <subfield code="d">2026-04-07</subfield>
    <subfield code="l">0</subfield>
    <subfield code="o">167 N147</subfield>
    <subfield code="p">L24541</subfield>
    <subfield code="r">2026-04-07 15:58:25</subfield>
    <subfield code="w">2026-04-07</subfield>
    <subfield code="y">L</subfield>
  </datafield>
</record>
